000 01079nam a2200301 c 4500
003 BLK
005 20210111111936.0
008 180408b bul|||||r ||||||| ||bul||
010 _aKNG00049383000
020 _a954-579-584-1
_bиздат.: Славена
040 _aBLK
041 _aBUL
_cBUL
080 _aБългарска литература
_b821.163.2
_x-1
_z821.163.2-1
100 1 _aДюлгерова, Драга Иванова
_eпърви автор
_9279202
139 _aДюлгерова, Драга Иванова
_bД 97
245 1 0 _aТревожна птица
_bИнтимна лирика
_cДрага Иванова Дюлгерова.
257 _aBGR
260 Варна
_bСлавена
_c2003
300 _a40 с.
_bс ил.
_c20 см
380 _aX
500 _aОфс. изд. - 100 тир.
653 _aстихотворения
852 _aЦб 223324
856 4 _qpdf
_u
856 4 _qpdf
_u
942 _cKNG
_n0
_01
944 _aCR
_c08.04.2005
_lф /
_kЛюдмила_Стоянова
944 _aED
_c31.10.2016
_lф /
_kЛюдмила_Стоянова
999 _c45587
_d45587